000 01249cam a22003617a 4500
003 CHAP
005 20220329142452.0
008 010517d1995 mx r 00110 spa d
010 _a83910
011 _a84882
020 _a9684272006
035 _a95408
040 _cCHAP
082 0 4 _a338.09
_bO5
100 0 0 _aOlivares, Enrique
_ecomp.
_983064
245 1 0 _aCambio tecnológico y modernización industrial en México
_c/comp. por Enrique Olivares
260 _aMéxico, D.F. :
_bNuestro Tiempo,
_c1995.
300 _a181 p.
590 _aBATCH-UPD
_b10
_c20130110
_lUCH01
_h0600
590 _aBATCH-UPD
_b10
_c20130410
_lUCH01
_h0242
590 _aBATCH-UPD
_b10
_c20130914
_lUCH01
_h1634
590 _aCONVERSION
_b10
_c20130109
_lUCH01
_h1347
650 1 4 _aIndustria
_xMéxico.
_957751
650 1 4 _aIndustrialización.
_957923
650 1 4 _aInnovaciones tecnológicas.
_958829
650 1 4 _aPolítica industrial
_zMéxico.
_990676
901 _aBK
905 _aLilia Sánchez G.
942 _cLIBRO
949 _a338.09 O5
_bBC
_cLIBRO
_d33724000824041
_eLIBRO
_fc.3
_h100130
_i95408
_si
949 _a338.09 O5
_bBC
_cLIBRO
_d33724000824090
_eLIBRO
_fc.2
_h100129
_i95408
_si
949 _a338.09 O5
_bBC
_cLIBRO
_d33724000824108
_eLIBRO
_h100128
_i95408
_si
999 _c83910
_d83910